| 000 | 00912nam a2200241 a 4500 | ||
|---|---|---|---|
| 001 | 000006114 | ||
| 005 | 20200929151933.0 | ||
| 008 | 090826s2003 dr 001 0 spa d | ||
| 020 | _a9993433608 | ||
| 040 |
_aDO-SdBNP _bspa _cBNPHU |
||
| 082 |
_a352 _bB748t |
||
| 100 | 1 |
_aBotero, Sofía _917213 |
|
| 245 | 1 | 0 |
_aTransparencia, descentralización y democracia / _cSofia Botero... [et al.]. |
| 260 |
_aSanto Domingo : _bFundación para la Reforma, _c2003. |
||
| 300 |
_a116 p. : _bil ; _c21 cm. |
||
| 590 | _aInventariado,2018/DG | ||
| 650 | 4 |
_aDescentralización en el gobierno _zRepública Dominicana _917214 |
|
| 650 | 4 |
_aDemocracia _zRepública Dominicana _96412 |
|
| 650 | 4 |
_aDesarrollo participativo _zRepública Dominicana _917215 |
|
| 651 | 4 |
_aRepública Dominicana _xPolítica Social _92627 |
|
| 710 | 2 |
_aWoodrow Wilson International Center for Scholars _917216 |
|
| 910 | _aValidado. Control de calidad EMS | ||
| 999 |
_c5910 _d5910 |
||